000
00436nam a22000977a 4500
999
_c
58300
_d
58300
008
211101s1991 ge ||||| |||| 00| 0 geo d
020
_a
5520008663
100
_a
ბოჭორიშვილი, ანგია
_9
767
245
_a
გამოკვლევები ფსიქოლოგიაში :
_b
1 /
_c
ანგია ბოჭორიშვილი.
264
_a
თბილისი :
_b
მეცნიერება,
_c
1991.